000 01211nam a2200241Ia 4500
003 Ost
005 20260507075313.0
008 260507s9999||||xx |||||||||||||| ||und||
020 _a9789773831839
040 _cfsecg
041 _aara
082 _a346.02
100 _aالمنايلي، هاني محمد كامل
_eمؤلف
245 0 _aالصيغ القانونية للعقود و الدعاوى التجارية :
_bمدعم بأحكام النقض /
_c هاني محمد كامل المنايلي
260 _aالقاهرة:
_bإيتراك للنشر والتوزيع,
_c2010
300 _a320 صفحة؛
_bإيضاحات ؛
_c24 سم
520 _aيحتوى هذا الكتاب على اشهر الصيغ والدعاوى والطلبات الخاصة بالشركات التجارية دعاوي الافلاس و دعاوي و طلبات الأوراق التجارية، الشيك و الكمبيالة، دعاوي الشكات التجارية و أحكام النقض التجارية
653 _aالشركات--قوانين وتشريعات
653 _aالعقود
653 _aالعقود التجارية
653 _aالقانون التجاري
942 _cكتاب
999 _c43881
_d43881